000 00599nam a2200229Ia 4500
003 OSt
005 20221007070715.0
006 a|||||r|||| 00| 0
007 ta
008 221006b |||||||| |||| 00| 0 eng d
024 _a43,086
037 _cTextual
040 _aFLL
_cFLL
_beng
041 _2eng
_aeng
082 _aW:5.2, Q3
100 _aBhagwati P. N.
_9682871
245 0 _aMy Tryst with justice
260 _agurgaon
_bUniversal law publishing India
_c2013
300 _a205 xix
_ccm.
942 _hW:5.2, Q3
_cTEXL
_2CC
999 _c1141311
_d1141311